<?xml version="1.0" encoding="UTF-8"?><?xml-stylesheet type="text/xsl" href="static/style.xsl"?><OAI-PMH xmlns="http://www.openarchives.org/OAI/2.0/" xmlns:xsi="http://www.w3.org/2001/XMLSchema-instance" xsi:schemaLocation="http://www.openarchives.org/OAI/2.0/ http://www.openarchives.org/OAI/2.0/OAI-PMH.xsd"><responseDate>2026-04-27T15:27:39Z</responseDate><request verb="GetRecord" identifier="oai:riubu.ubu.es:10259/11390" metadataPrefix="marc">https://riubu.ubu.es/oai/request</request><GetRecord><record><header><identifier>oai:riubu.ubu.es:10259/11390</identifier><datestamp>2026-02-19T01:05:33Z</datestamp><setSpec>com_10259_5238</setSpec><setSpec>com_10259_5086</setSpec><setSpec>com_10259_2604</setSpec><setSpec>col_10259_6212</setSpec></header><metadata><record xmlns="http://www.loc.gov/MARC21/slim" xmlns:doc="http://www.lyncode.com/xoai" xmlns:xsi="http://www.w3.org/2001/XMLSchema-instance" xmlns:dcterms="http://purl.org/dc/terms/" xsi:schemaLocation="http://www.loc.gov/MARC21/slim http://www.loc.gov/standards/marcxml/schema/MARC21slim.xsd">
<leader>00925njm 22002777a 4500</leader>
<datafield tag="042" ind1=" " ind2=" ">
<subfield code="a">dc</subfield>
</datafield>
<datafield tag="720" ind1=" " ind2=" ">
<subfield code="a">Bebbington, Jan</subfield>
<subfield code="e">author</subfield>
</datafield>
<datafield tag="720" ind1=" " ind2=" ">
<subfield code="a">Laine, Matías</subfield>
<subfield code="e">author</subfield>
</datafield>
<datafield tag="720" ind1=" " ind2=" ">
<subfield code="a">Larrinaga González, Carlos</subfield>
<subfield code="e">author</subfield>
</datafield>
<datafield tag="720" ind1=" " ind2=" ">
<subfield code="a">Michelon, Giovanna</subfield>
<subfield code="e">author</subfield>
</datafield>
<datafield tag="260" ind1=" " ind2=" ">
<subfield code="c">2023-09</subfield>
</datafield>
<datafield tag="520" ind1=" " ind2=" ">
<subfield code="a">We reflect upon how European Accounting Review has conceived of environmental accounting (and to some extent social/sustainability accounting work) over its 30-year history, with the aim of discussing ways in which environmental accounting research can further develop, both within and beyond this journal. After outlining the broader social and ecological context from which environmental accounting has emerged (and noting that this context is evolving in substantive ways), we provide an overview of the types of research published in EAR. We combine these elements to identify three themes that we argue are critical for the direction of future research: the financial materiality of ecological issues and the impact this has on risk; how environmental accounting practices are constructed; and how a new relationship between nature and society may affect accounting practices. We finally conclude by envisioning a future of environmental accounting research that dovetails with the sustainability ambitions that can be draw from an examination of the detailed targets that underpin the Sustainable Development Goals.</subfield>
</datafield>
<datafield tag="024" ind2=" " ind1="8">
<subfield code="a">0963-8180</subfield>
</datafield>
<datafield tag="024" ind2=" " ind1="8">
<subfield code="a">https://hdl.handle.net/10259/11390</subfield>
</datafield>
<datafield tag="024" ind2=" " ind1="8">
<subfield code="a">10.1080/09638180.2023.2254351</subfield>
</datafield>
<datafield tag="024" ind2=" " ind1="8">
<subfield code="a">1468-4497</subfield>
</datafield>
<datafield ind1=" " ind2=" " tag="653">
<subfield code="a">Environmental accounting</subfield>
</datafield>
<datafield ind1=" " ind2=" " tag="653">
<subfield code="a">Sustainable development</subfield>
</datafield>
<datafield ind1=" " ind2=" " tag="653">
<subfield code="a">Sustainable development goals</subfield>
</datafield>
<datafield tag="245" ind1="0" ind2="0">
<subfield code="a">Environmental Accounting in the European Accounting Review: A Reflection</subfield>
</datafield>
</record></metadata></record></GetRecord></OAI-PMH>